000 00287nam a22001337a 4500
008 170407b xxu||||| |||| 00| 0 eng d
020 _a9780683302653
041 _aeng
080 _22 ED
_a616
100 _a9
101 _aSHM
245 _aPATHOLOGY
_cSCHNEIDER.A.S
942 _2udc
_cBK
999 _c10226
_d10226